000 00457nam a2200157 i 4500
001 96309
003 ES-MaACL
007 t|
008 050615s1916 xxk ||||1| eng d
100 1 _aMaeztu, Ramiro de,
_d1875-1936
_975421
245 1 0 _aAutority, liberty and function in the light of the war /
_cRamiro de Maeztu.
260 _aLondon :
_bAllen,
_c1916.
300 _a288 p. ;
_c16 cm.
852 _aES-MaACL
_jC-958
999 _c96309
_d96309